| 000 | 00957nam a2200277Ia 4500 | ||
|---|---|---|---|
| 003 | OSt | ||
| 005 | 20221005043654.0 | ||
| 006 | a|||||r|||| 00| 0 | ||
| 007 | ta | ||
| 008 | 221004b |||||||| |||| 00| 0 eng d | ||
| 020 |
_a9788131253670 (hbk) _cIndian Rupees 1495 |
||
| 024 | _a69810 | ||
| 037 |
_bGift, 01/11/2021, _cTextual |
||
| 040 |
_aCRL _cCRL _beng |
||
| 041 |
_2eng _aeng |
||
| 082 | _aT4(Z),2, Q8 | ||
| 100 |
_aUpadhyay S. S. Au. _9591789 |
||
| 245 | 0 |
_aUniversity law in India _b Central, state, private, open and deemed universities medical,technical,agrigulture universities and othe rinstitutions of higher education |
|
| 260 |
_aGurgaon _bLexis Nexis India _c2018 |
||
| 300 |
_aliii,908p. _ccm. |
||
| 650 | _a LAW | ||
| 650 | _aHIGHER EDUCATION | ||
| 700 |
_a Upadhyay Sonal Au. _9591790 |
||
| 942 |
_hT4(Z),2, Q8 _cTEXL _2cc |
||
| 999 |
_c952238 _d952238 |
||